Učebné dokumenty pre stredné odborné učilištia učebný odbor s osobitne upraveným učebným plánom 37-72-0 doprava

Bibliographic Details
Format: Book
Language:Slovak
PhysicalDescription:50 s. 21 cm
Published: Bratislava Slovenské pedagogické nakladateľstvo 1988
Edition:1. vyd.
Subjects:

MARC

LEADER 00000cam a2200000 a 4500
001 vtls001123036
003 SK-MaSNL
005 20260302040340.0
008 250428s1988 xo o000 0 slo
015 |a SNBA1988/12 
035 |a SNK000065879 
035 |a urn:nbn:sk:snk-amjbfi 
035 |a urn:nbn:sk:snk-am002eoc 
035 |a 2838A518-2DBE-483E-8267-9E01CBD8D61B 
040 |a SNK  |b slo  |c SNK  |e AACR2 
041 0 |a slo 
044 |a xo  |c SK 
080 |a 371.214.112:656.2  |2 1981 
080 |a 656.2  |2 1981 
080 |a 656.2(073)  |2 1981 
245 0 0 |a Učebné dokumenty pre stredné odborné učilištia  |b učebný odbor s osobitne upraveným učebným plánom 37-72-0 doprava 
250 |a 1. vyd. 
260 |a Bratislava  |b Slovenské pedagogické nakladateľstvo  |c 1988  |e Šumperk  |f Moravské tiskařské závody 
300 |a 50 s.  |c 21 cm 
366 |e 230 výt. 
500 |a Schválilo MŠ SSR. 
650 0 7 |a železničná doprava  |2 SNKPH  |9 3185 
650 0 7 |a stredné odborné učilištia  |2 SNKPH  |9 30904 
650 0 7 |a učebné plány  |2 SNKPH  |9 4070 
655 7 |a učebné osnovy  |2 SNKPH  |9 60479 
958 |a EUIPO 
958 |a OND 
958 |a SK 
958 |a TL 
999 |c 1074313  |d 1076243 
952 |a SNK  |b SNK  |y VYP  |7 0  |p 17A1140196  |o snkSC 73100 D1  |i snkKSP 10373/88  |0 0  |1 0  |4 0  |d 2015-03-11  |f 1  |l 0  |r 2026-02-24 16:05:29  |w 2026-02-24